| 000 | 00756cam a2200253 4500 | ||
|---|---|---|---|
| 008 | 090401t1992 xxu||||| |||| 00| 0 eng d | ||
| 020 | _a0906182670 | ||
| 035 | _a(Sirsi) u19891 | ||
| 041 | _aeng | ||
| 050 | _a692.5 | ||
| 110 |
_aBuilding Maintenance Information Ltd _92307 |
||
| 245 | _aBMI building maintenance price book 1993 | ||
| 250 | _a13th | ||
| 260 |
_aKingston upon Thames _bBuilding Maintenance Information Ltd _c1992 |
||
| 300 | _a332p. ; 21cm. | ||
| 350 | _a0 | ||
| 650 | _aBUILT ENVIRONMENT-BUILDING COSTS | ||
| 650 | _aLABOUR COSTS | ||
| 650 | _aBUILT ENVIRONMENT-BUILDING MAINTENANCE AND REFURBISHMENT | ||
| 650 | _aBUILDING PRICE BOOKS | ||
| 690 | _aBUILT ENVIRONMENT-BUILDING COSTS | ||
| 942 | _n0 | ||
| 948 | _c04/03/1997 | ||
| 999 |
_c87725 _d87725 |
||